=LDR 00000nam 2200000 4500 =001 INLIS000000000037636 =005 20130612143347 =008 ***********************************Ind** =035 ##$$0010-061300000037636 =041 ##$$a Ind =082 ##$$a 658.81 =090 ##$$a 658.81, Kun s =100 ##$$a Kuntjoro, Lisa =245 ##$$a Super champion, 35 diamonds of succest slaes person, Lisa Kuntjoro, Dodi Mawardi =260 ##$$a [S.a] $b Jakarta =300 ##$$a xii, 149 hlm, ilus, 25 cm =650 ##$$a Manajemen penjualan =850 ##$$a NBPNMAT =990 ##$$a 0001/BPAP-NTB/2016